Catálogo
 En Linea

La enfermedad meningococica en cuba / (Registro nro. 35735)

Detalles MARC
000 -CABECERA
campo de control de longitud fija 00618nam a2200181 a 4500
001 - NÚMERO DE CONTROL
campo de control 000036244
005 - FECHA Y HORA DE LA ÚLTIMA TRANSACCIÓN
campo de control 20200930075630.0
008 - DATOS DE LONGITUD FIJA--INFORMACIÓN GENERAL
campo de control de longitud fija 120111s1991 cu ad 000 0 spa d
040 ## - FUENTE DE LA CATALOGACIÓN
Centro catalogador/agencia de origen DO-SdBNP
Lengua de catalogación spa
Centro/agencia transcriptor BNPHU
082 ## - NÚMERO DE LA CLASIFICACIÓN DECIMAL DEWEY
Número de clasificación xxxx
Número de documento/Ítem V141e
100 1# - ENTRADA PRINCIPAL--NOMBRE DE PERSONA
Nombre de persona Valcarcel Novo, Mario
9 (RLIN) 62331
245 13 - MENCIÓN DE TÍTULO
Título La enfermedad meningococica en cuba /
Mención de responsabilidad, etc. Mario Valcarcel Novo, Rodolfo Rodríguez Cruz, Hector Terry Molinert.
260 ## - PUBLICACIÓN, DISTRIBUCIÓN, ETC.
Lugar de publicación, distribución, etc. El Vedado :
Nombre del editor, distribuidor, etc. Ecimed,
Fecha de publicación, distribución, etc. 1991.
300 ## - DESCRIPCIÓN FÍSICA
Extensión 400 p. :
Otras características físicas gráf., il. ;
Dimensiones 24 cm.
504 ## - NOTA DE BIBLIOGRAFÍA, ETC.
Nota de bibliografía, etc. Incluye Bibliografía
700 12 - PUNTO DE ACCESO ADICIONAL--NOMBRE DE PERSONA
Nombre de persona Rodríguez Cruz, Rodolfo
9 (RLIN) 62332
700 12 - PUNTO DE ACCESO ADICIONAL--NOMBRE DE PERSONA
Nombre de persona Terry Molinert, Hector
9 (RLIN) 62333
Existencias
Estado de retiro Estado de pérdida Restricciones de uso No para préstamo Código de colección Localización permanente Ubicación/localización actual Ubicación en estantería Fecha de adquisición Número de inventario Total de préstamos Signatura topográfica completa Código de barras Fecha visto por última vez Precio válido a partir de Tipo de ítem Koha
      Excluido de préstamo Monografías: Libros y Folletos General General En catalogación 11.01.2012 LF1   xxxx V141e 36244-10 25.06.2020 25.06.2020 No se presta
      Excluido de préstamo Monografías: Libros y Folletos General General En catalogación 11.01.2012 LF1   xxxx V141e 36244-20 25.06.2020 25.06.2020 No se presta

Con tecnología Koha